Detalles MARC
| 000 -LIDER |
| fixed length control field |
01110nam a2200373 c 4500 |
| 001 - NÚMERO DE CONTROL |
| Identificador de número de control |
|
| 003 - IDENTIFICACDOR DE NÚMERO DE CONTROL |
| control field |
DO-SdBNP |
| 005 - DATE AND TIME OF LATEST TRANSACTION |
| control field |
20220330111924.0 |
| 008 - ELEMENTOS DE LONGITUD FIJA |
| fixed length control field |
170403s2000 sp a|||| 000 1 spa |
| 020 ## - ISBN |
| International Standard Book Number |
9788424132696 |
| 040 ## - FUENTE DE CATALOGACIÓN |
| Agencia que crea de manera original el registro |
BPMSU |
| Idioma de catalogación |
spa |
| Agencia que realiza la transcripción |
BPMSU |
| Convenciones de la despripción |
|
| 080 ## - NÚMERO DE CLASIFICACIÓN DECIMAL UNIVERSAL |
| Universal Decimal Classification number |
|
| 082 ## - NÚMERO DE CLASIFICACIÓN DECIMAL DE DEWEY |
| Classification number |
863.6 |
| Item number |
L864v 2000 |
| Edition number |
22 |
| 100 1# - ASIENTO PRINCIPAL -- NOMBRE PERSONAL |
| Nombre personal |
López Narváez, Concha |
| Fechas asociadas con el nombre |
1939- |
| Authority record control number |
|
| 245 13 - MENCIÓN DE TITULO |
| Título |
El viaje de viento pequeño / |
| Mención de responsabilidad |
Concha López Narváez, Carmelo Salmerón ; dibujos de R. Salmerón |
| 250 ## - MENCIÓN DE EDICION |
| Mención de edición |
5a. ed. |
| 260 ## - PUBLICACIÓN, DISTRIBUCIÓN, ETC. (PIE DE IMPRENTA) |
| Lugar de publicación, distribución, etc |
León, España : |
| Nombre del editor, distribuidor, etc. |
Editorial Everest. |
| Fecha de publicación, distribución, etc |
200 |
| 300 ## - DESCRIPCIÓN FÍSICA |
| Extensión |
69 p.; |
| Otros detalles físicos |
il. ; |
| Dimensiones |
21 cm |
| 336 ## - CONTENT TYPE |
| Content type term |
Texto (visual) |
| Source |
isbdcontent |
| 337 ## - MEDIA TYPE |
| Media type term |
sin mediación |
| Source |
isbdmedia |
| 490 0# - MENCIÓN DE SERIES |
| Mención de serie |
Montaña encantada |
| 590 ## - NOTA LOCAL |
| Enlace |
Inventariado, 2022/VM |
| 648 ## - SUBJECT ADDED ENTRY--CHRONOLOGICAL TERM |
| Chronological term |
|
| 650 #4 - ENCABEZAMIENTO DE MATERIA--TEMÁTICO |
| Término temático o nombre geográfico como elemento de entrada |
Cuentos infantiles españoles |
| 650 #4 - ENCABEZAMIENTO DE MATERIA--TEMÁTICO |
| Término temático o nombre geográfico como elemento de entrada |
literatura infantil española |
| 655 #7 - INDEX TERM--GENRE/FORM |
| Genre/form data or focus term |
Libros infantiles |
| Source of term |
tgfbne |
| 655 #4 - INDEX TERM--GENRE/FORM |
| Genre/form data or focus term |
Libros ilustrados |
| Source of term |
|
| 655 #4 - INDEX TERM--GENRE/FORM |
| Source of term |
|
| 700 1# - ASIENTO SECUNDARIO -- NOMBRE PERSONAL |
| Nombre personal |
Salmerón, Carmelo |
| 700 1# - ASIENTO SECUNDARIO -- NOMBRE PERSONAL |
| Nombre personal |
Salmerón López, Rafael |
| Fechas asociadas con el nombre |
1972- |
| Mención de responsabilidad |
ilustrador |
| 910 ## - VALIDACIÓN |
| Validación |
VMateo V. |
| 942 ## - ADDED ENTRY ELEMENTS (KOHA) |
| Source of classification or shelving scheme |
Dewey Decimal Classification |
| Koha item type |
Libros |
| 956 ## - LOCAL ELECTRONIC LOCATION AND ACCESS (OCLC) |
| Nombre de host |
2 |